| 000 | 00486nam a22001577a 4500 | ||
|---|---|---|---|
| 003 | SGT | ||
| 020 | _a9788189757908 | ||
| 082 |
_a005.1 _bCHO |
||
| 100 | _aCHOPRA,RAJIV | ||
| 245 |
_aSOFTWARE TESTING _bA PRACTICAL APPROACH |
||
| 260 |
_aNEW DELHI _bS.K. KATARIA & SONS _c2012 |
||
| 300 | _a450 | ||
| 650 | _aCOMPUTER SCIENCE ENGINEERING | ||
| 653 | _aSOFTWARE VERIFICATION,SOFTWARE VALIDATION,BLACK BOX TESTING TECHNIQUES,WHITE BOX TESTING TECHNIQUES,GRAY BOX TESTING, | ||
| 942 |
_2ddc _cBK |
||
| 999 |
_c8211 _d8211 |
||